Culture's Influences on Cognitive Reflection
Vplyv kultúry na kognitívne štýly. Pohľad na výskum spájaný s kognitívnym reflexným testom určeným na meranie kognitívneho štýlu. Kultúrne rozdiely v kognitívnej reflexii. Závery autorov.
Enregistré dans:
| Auteur principal: | |
|---|---|
| Autres auteurs: | |
| Format: | Chapitre de livre |
| Langue: | anglais |
| Sujets: | |
| Tags: |
Pas de tags, Soyez le premier à ajouter un tag!
|
MARC
| LEADER | 00000naa$a2200000$$$4500 | ||
|---|---|---|---|
| 001 | 0229288 | ||
| 005 | 20250707075335.2 | ||
| 041 | 0 | |a eng | |
| 044 | |a US | ||
| 245 | 1 | 0 | |a Culture's Influences on Cognitive Reflection |c Vladimíra Čavojová, Róbert Hanák |
| 520 | |a Vplyv kultúry na kognitívne štýly. Pohľad na výskum spájaný s kognitívnym reflexným testom určeným na meranie kognitívneho štýlu. Kultúrne rozdiely v kognitívnej reflexii. Závery autorov. | ||
| 610 | 2 | 0 | |a vedy kognitívne |
| 610 | 2 | 0 | |a kultúra |
| 610 | 2 | 0 | |a psychológia |
| 610 | 2 | 0 | |a meranie |
| 100 | 1 | |a Čavojová, Vladimíra | |
| 700 | 1 | |a Hanák, Róbert, 1979- | |